यथार्थ/ (Record no. 183218)

MARC details
000 -LEADER
fixed length control field 00828nam a22001817a 4500
005 - DATE AND TIME OF LATEST TRANSACTION
control field 20240125152732.0
010 ## - LCCN (DPL NO)
LC control number HIN-121477-92
020 ## - INTERNATIONAL STANDARD BOOK NUMBER
Terms of availability 100.00
035 ## - SYSTEM CONTROL NUMBER
System control number HN-93823-38
037 ## - SOURCE OF ACQUISITION
Source of stock number/acquisition DBAD/PUB
082 ## - DEWEY DECIMAL CLASSIFICATION NUMBER
Classification number 821
100 ## - MAIN ENTRY--PERSONAL NAME
Personal name मिश्रा, देवेन्द्र कुमार
245 ## - TITLE STATEMENT
Title यथार्थ/
Statement of responsibility, etc देवेन्द्र कुमार मिश्रा
260 ## - PUBLICATION, DISTRIBUTION, ETC. (IMPRINT)
Place of publication, distribution, etc छिन्दवाडा
Name of publisher, distributor, etc श्री विष्णु प्रकाशन
Date of publication, distribution, etc 2011
270 ## - ADDRESS
City छिन्दवाडा
Address पाटनी कॉलोनी, भरत नगर, चन्दनगाँव छिन्दवाडा,म.प्र.
Postal code 480001
300 ## - PHYSICAL DESCRIPTION
Extent 100 पृ
Dimensions 20 सेमी (अजिल्द)
942 ## - ADDED ENTRY ELEMENTS (KOHA)
Source of classification or shelving scheme Dewey Decimal Classification
Item type Hindi Books
Call number suffix मिश्रादे
Classification part 821
Holdings
Withdrawn status Lost status Not for loan Collection code Home library Current library Date acquired Source of acquisition Cost, normal purchase price Full call number Barcode Cost, replacement price Koha item type Copy number
      Fiction Ashok Vihar Ashok Vihar 21/12/2021 DBAD/PUB 100.00 821 मिश्रादे HN-93836 100.00 Hindi Books 1
      Fiction Ashok Vihar Ashok Vihar 21/12/2021 DBAD/PUB 100.00 821 मिश्रादे HN-93837 100.00 Hindi Books 14
      Fiction Bawana Bawana 21/12/2021 DBAD/PUB 100.00 821 मिश्रादे HN-93823 100.00 Hindi Books  
      Fiction Bawana Bawana 21/12/2021 DBAD/PUB 100.00 821 मिश्रादे HN-93827 100.00 Hindi Books 1
      Fiction Bawana Bawana 21/12/2021 DBAD/PUB 100.00 821 मिश्रादे HN-93824 100.00 Hindi Books 1
      Non-fiction Central Jail Tihar Central Jail Tihar 21/12/2021 DBAD/PUB 100.00 821 मिश्रादे HN-93831 100.00 Hindi Books 8
      Non-fiction Central Library Central Library 21/12/2021 DBAD/PUB 100.00 821 मिश्रादे HN-93825 100.00 Hindi Books 2
    Not For Loan Fiction D.B.Act.Division D.B.Act.Division 21/12/2021 DBAD/PUB 100.00 821 मिश्रादे HN-93829 100.00 Hindi Books 6
      Fiction D.B.Act.Division Mobile Library 21/12/2021 DBAD/PUB 100.00 821 मिश्रादे HN-93835 100.00 Hindi Books 12
      Fiction Narela Narela 21/12/2021 DBAD/PUB 100.00 821 मिश्रादे HN-93830 100.00 Hindi Books 7
      Fiction New Police Line New Police Line 21/12/2021 DBAD/PUB 100.00 821 मिश्रादे HN-93833 100.00 Hindi Books 10
      Fiction Patel Nagar Patel Nagar 21/12/2021 DBAD/PUB 100.00 821 मिश्रादे HN-93838 100.00 Hindi Books 15
      Non-fiction Peshwa Road Peshwa Road 21/12/2021 DBAD/PUB 100.00 821 मिश्रादे HN-93832 100.00 Hindi Books 9
      Non-fiction Peshwa Road Peshwa Road 21/12/2021 DBAD/PUB 100.00 821 मिश्रादे HN-93834 100.00 Hindi Books 11
      Fiction R.K.Puram-8 R.K.Puram-8 21/12/2021 DBAD/PUB 100.00 821 मिश्रादे HN-93826 100.00 Hindi Books 3
      Non-fiction Sarojini Nagar Sarojini Nagar 21/12/2021 DBAD/PUB 100.00 821 मिश्रादे HN-93828 100.00 Hindi Books 5

© Delhi Public Library
Hit Counter
free hit counter